00467nam a2200145Ia 4500008004100000100001900041245010500060245001900165260005900184260000900243300001000252650001800262650001500280856002600295170221s9999 xx 000 0 und d aS. Arulchelvan aNew media communication strategies for election campaigns: Experiences of Indian political parties  cS. Arulchelvan bOnline Journal of Communication and Media Technologies c2014 a4 : 3 xCommunication xMedia Arts uhttp://www.ojcmt.net/